Регистрация и обработка изображений с газоразрядных преобразователей; Современные техника и технологии; Т. 1

Xehetasun bibliografikoak
Parent link:Современные техника и технологии: 11-я международная научно-практическая конференция студентов, аспирантов и молодых ученых, г. Томск, 29-марта - 2 апреля 2005 г./ Томский политехнический университет ; Современные техника и технологии.— , 2005
Т. 1.— 2005.— С. 162-163
Egile nagusia: Дымбрылова Н. А.
Beste egile batzuk: Алхимов Ю. В. Юрий Васильевич
Hizkuntza:errusiera
Argitaratua: 2005
Gaiak:
Formatua: Liburu kapitulua
KOHA link:https://koha.lib.tpu.ru/cgi-bin/koha/opac-detail.pl?biblionumber=93592

MARC

LEADER 00000n a2a2200000 4500
001 93592
005 20231031105248.0
035 |a (RuTPU)RU\TPU\book\100204 
090 |a 93592 
100 |a 20060330d2005 k y0rusy50 ca 
101 0 |a rus 
102 |a RU 
200 1 |a Регистрация и обработка изображений с газоразрядных преобразователей  |f Н. А. Дымбрылова, Ю. В. Алхимов 
461 0 |0 (RuTPU)RU\TPU\book\96566  |t Современные техника и технологии  |o 11-я международная научно-практическая конференция студентов, аспирантов и молодых ученых, г. Томск, 29-марта - 2 апреля 2005 г.  |o труды  |f Томский политехнический университет ; Современные техника и технологии  |d 2005 
463 0 |0 (RuTPU)RU\TPU\book\96163  |t Т. 1  |v С. 162-163  |d 2005  |p 404 с. 
610 1 |a обработка информации 
610 1 |a визуальная информация 
610 1 |a изображения 
610 1 |a рентгеновские методы 
610 1 |a методы контроля 
610 1 |a облучение 
610 1 |a высокочувствительные детекторы 
610 1 |a одноимпульсные изображения 
610 1 |a труды учёных ТПУ 
700 1 |a Дымбрылова  |b Н. А. 
701 1 |a Алхимов  |b Ю. В.  |c специалист в области неразрушающего контроля  |c доцент Томского политехнического университета, кандидат технических наук  |f 1958-  |g Юрий Васильевич  |2 stltpush  |3 (RuTPU)RU\TPU\pers\26434  |4 070 
801 1 |a RU  |b 63413507  |c 20060330  |g PSBO 
801 2 |a RU  |b 63413507  |c 20111111  |g RCR 
942 |c BK